Statistiken für Top 15 Länder mit Covid-19-Todesfällen - 11. Juni

Klicken Sie hier um das Quiz zu spielen!

Allgemein

  • Dieses Quiz wurde 9 mal gespielt
  • Das Durchschnittsergebnis liegt bei 16 aus 20

Antwortstatistiken

Land% Korrekt
Brasilien
100%
Frankreich
100%
Iran
100%
Italien
100%
Mexiko
100%
Russland
100%
Spanien
100%
Vereinigtes Königreich
100%
Vereinigte Staaten
100%
Indien
88%
Belgien
75%
Deutschland
75%
Peru
75%
Irland
63%
Kanada
63%
Niederlande
63%
Schweden
63%
Schweiz
63%
Portugal
50%
Ecuador
38%

Verteilung der Resultate

Perzentil nach korrekt beantworteten Fragen

Anzahl Personen mit jedem Resultat

Ihre Resultats-Entwicklung

Sie haben dieses Quiz noch nicht gespielt